Calderón y Nördlingen (Record no. 136244)

MARC details
000 -LEADER
campo de control de longitud fija 00933nam a2200217 4500
001 - NÚMERO DE CONTROL
campo de control 136244
003 - IDENTIFICADOR DE NÚMERO DE CONTROL
campo de control ES-MaACL
005 - FECHA Y HORA DE LA ÚLTIMA TRANSACCIÓN
campo de control 20230906195053.0
007 - CAMPO FIJO DE DESCRIPCIÓN FÍSICA--INFORMACIÓN GENERAL
campo de control de longitud fija t|
008 - DATOS DE LONGITUD FIJA--INFORMACIÓN GENERAL
campo de control de longitud fija 070214s1981 sp r ||||1| spa d
100 1# - ENTRADA PRINCIPAL--NOMBRE DE PERSONA
Nombre de persona Rull Fernández, Enrique.
9 (RLIN) 100978
245 10 - MENCIÓN DEL TÍTULO
Título Calderón y Nördlingen
Resto del título : el auto `El primer blasón del Austria` de don Pedro Calderón de la Barca /
Mención de responsabilidad, etc. estudio y edición de Enrique Rull y José Carlos de Torres.
260 ## - PUBLICACIÓN, DISTRIBUCIÓN, ETC.
Lugar de publicación, distribución, etc. Madrid :
Nombre del editor, distribuidor, etc. Consejo Superior de Investigaciones Científicas, Instituto Miguel de Cervantes,
Fecha de publicación, distribución, etc. 1981.
300 ## - DESCRIPCIÓN FÍSICA
Extensión VIII, 204 p., 8 lám. ;
Dimensiones 26 cm.
490 1# - MENCIÓN DE SERIE
Mención de serie Clásicos Hispánicos. Serie III. Ediciones históricas ;
Designación de volumen o secuencia 6
700 1# - ENTRADA AGREGADA--NOMBRE PERSONAL
Nombre de persona Torres, José Carlos de.
9 (RLIN) 110895
710 2# - ENTRADA AGREGADA--NOMBRE DE ENTIDAD CORPORATIVA
Nombre de entidad corporativa o nombre de jurisdicción como elemento de entrada Instituto "Miguel de Cervantes"
9 (RLIN) 5133
830 0# - PUNTO DE ACCESO ADICIONAL DE SERIE-TÍTULO UNIFORME
Título uniforme Clásicos Hispánicos. Serie III. Ediciones históricas ;
Designación de volumen o secuencia 6
9 (RLIN) 219988
852 ## - LOCALIZACIÓN
Ubicación ES-MaACL
Número de control de estantería L-1445
Sublocalización o colección R.102047
Holdings
Estatus retirado Estado de pérdida Estado de daño No para préstamo Biblioteca de origen Biblioteca actual Ubicación en estantería Fecha de adquisición Fuente de adquisición Total de préstamos Signatura topográfica completa Código de barras Visto por última vez Precio de reemplazo Tipo de ítem Koha
        Biblioteca del Ateneo de Madrid Biblioteca del Ateneo de Madrid Depósito 2 17/01/2008     L-1445 1141794 23/02/2023 23/02/2023 Libro impreso